Sudden Death Countries - Statistics

General Stats
  • This quiz has been taken 141 times
  • The average score is 10 of 11
Answers on the Grid
Answers color-coded by a green-red scale on the quiz's grid according to % correct below.
Belarus
Brazil
British Empire
Canada
China
Cuba
Eritrea
Georgian Empire
Italian Empire
Ming Dynasty
Monaco
Mongol Empire
Qing Dynasty
Serbia
Somalia
South Sudan
Soviet Union
Syria
Taiwan
Third Reich
Trinidad And Tobago
Tsardom of Russia
Tunisia
Turkmenistan
Uganda
Ukraine
United States
Yugoslavia
Zaire
Zambia
 
Answer Stats
Answer % Correct
British Empire
100%
Georgian Empire
97%
Qing Dynasty
92%
Soviet Union
92%
Italian Empire
89%
Ming Dynasty
89%
Mongol Empire
89%
Tsardom of Russia
89%
Third Reich
87%
Yugoslavia
84%
Zaire
82%
No matching quizzes found
Score Distribution
Percent of People with Each Score
Percentile by Number Answered
Your Score History
You have not taken this quiz